<?xml version="1.0" encoding="UTF-8"?>
<record
    xmlns:xsi="http://www.w3.org/2001/XMLSchema-instance"
    xsi:schemaLocation="http://www.loc.gov/MARC21/slim http://www.loc.gov/standards/marcxml/schema/MARC21slim.xsd"
    xmlns="http://www.loc.gov/MARC21/slim">

  <leader>00915nam0a22002531  4500</leader>
  <controlfield tag="001">rc\4764523</controlfield>
  <controlfield tag="005">20260406082510.0</controlfield>
  <datafield tag="021" ind1=" " ind2=" ">
    <subfield code="a">RU</subfield>
    <subfield code="b">[62-56127]</subfield>
  </datafield>
  <datafield tag="035" ind1=" " ind2=" ">
    <subfield code="a">(NLR Aleph) 008997947</subfield>
  </datafield>
  <datafield tag="090" ind1=" " ind2=" ">
    <subfield code="a">9288597</subfield>
    <subfield code="c">9288597</subfield>
  </datafield>
  <datafield tag="100" ind1=" " ind2=" ">
    <subfield code="a">20130417d1962    |||y0rusy50      ca</subfield>
  </datafield>
  <datafield tag="101" ind1="1" ind2=" ">
    <subfield code="a">rus</subfield>
    <subfield code="c">urd</subfield>
  </datafield>
  <datafield tag="102" ind1=" " ind2=" ">
    <subfield code="a">RU</subfield>
  </datafield>
  <datafield tag="105" ind1=" " ind2=" ">
    <subfield code="a">a   z   |||||</subfield>
  </datafield>
  <datafield tag="200" ind1="1" ind2=" ">
    <subfield code="a">&#x421;&#x430;&#x434; &#x438; &#x432;&#x435;&#x441;&#x43D;&#x430;</subfield>
    <subfield code="e">&#x418;&#x441;&#x442;&#x43E;&#x440;&#x438;&#x44F; &#x447;&#x435;&#x442;&#x44B;&#x440;&#x435;&#x445; &#x434;&#x435;&#x440;&#x432;&#x438;&#x448;&#x435;&#x439;</subfield>
    <subfield code="f">&#x41F;&#x435;&#x440;. &#x441; &#x443;&#x440;&#x434;&#x443; [&#x438; &#x43F;&#x440;&#x435;&#x434;&#x438;&#x441;&#x43B;.] &#x413;.&#x410;. &#x417;&#x43E;&#x433;&#x440;&#x430;&#x444;&#x430;</subfield>
    <subfield code="g">[&#x410;&#x43A;&#x430;&#x434;. &#x43D;&#x430;&#x443;&#x43A; &#x421;&#x421;&#x421;&#x420;. &#x418;&#x43D;-&#x442; &#x43D;&#x430;&#x440;&#x43E;&#x434;&#x43E;&#x432; &#x410;&#x437;&#x438;&#x438;]</subfield>
  </datafield>
  <datafield tag="210" ind1=" " ind2=" ">
    <subfield code="a">[&#x41C;&#x43E;&#x441;&#x43A;&#x432;&#x430;</subfield>
    <subfield code="c">&#x418;&#x437;&#x434;-&#x432;&#x43E; &#x432;&#x43E;&#x441;&#x442;. &#x43B;&#x438;&#x442;.</subfield>
    <subfield code="d">1962]</subfield>
  </datafield>
  <datafield tag="215" ind1=" " ind2=" ">
    <subfield code="a">264 &#x441;.</subfield>
    <subfield code="c">&#x438;&#x43B;.</subfield>
    <subfield code="d">21</subfield>
  </datafield>
  <datafield tag="700" ind1=" " ind2="0">
    <subfield code="7">ca</subfield>
    <subfield code="8">rus</subfield>
    <subfield code="a">&#x41C;&#x438;&#x440; &#x410;&#x43C;&#x43C;&#x430;&#x43D;</subfield>
    <subfield code="f">2-&#x44F; &#x43F;&#x43E;&#x43B;.18-&#x43D;&#x430;&#x447;.19 &#x432;&#x432;.</subfield>
    <subfield code="3">RU\NLR\AUTH\770277220</subfield>
    <subfield code="9">2649187</subfield>
  </datafield>
  <datafield tag="702" ind1=" " ind2="1">
    <subfield code="a">&#x417;&#x43E;&#x433;&#x440;&#x430;&#x444;</subfield>
    <subfield code="b">&#x413;.&#x410;.</subfield>
    <subfield code="4">730</subfield>
    <subfield code="4">080</subfield>
  </datafield>
  <datafield tag="801" ind1=" " ind2="0">
    <subfield code="a">RU</subfield>
    <subfield code="b">NLR</subfield>
    <subfield code="g">psbo</subfield>
  </datafield>
  <datafield tag="801" ind1=" " ind2="1">
    <subfield code="a">RU</subfield>
    <subfield code="b">ELAR</subfield>
    <subfield code="2">rusmarc</subfield>
  </datafield>
  <datafield tag="852" ind1=" " ind2=" ">
    <subfield code="a">NLR</subfield>
    <subfield code="j">62-3/3771</subfield>
  </datafield>
  <datafield tag="942" ind1=" " ind2=" ">
    <subfield code="c">BOOK</subfield>
  </datafield>
  <datafield tag="980" ind1=" " ind2=" ">
    <subfield code="a">NB</subfield>
  </datafield>
  <datafield tag="995" ind1=" " ind2=" ">
    <subfield code="5">2013-10-26</subfield>
    <subfield code="b">NLR01</subfield>
    <subfield code="c">NLR01</subfield>
    <subfield code="e">RF31</subfield>
    <subfield code="f">8997947-10</subfield>
    <subfield code="k">62-3/3771</subfield>
    <subfield code="o">0</subfield>
    <subfield code="r">BOOK</subfield>
    <subfield code="s">6233771_</subfield>
  </datafield>
</record>
